00645nam a2200181Ia 4500008004100000082001600041100003300057245005500090250000800145260002800153300000800181500002400189650001400213942000700227952010600234952010600340999001700446230524s9999 xx 000 0 und d a658.45bHAY aADB (Asian Development Bank) 0a"Agriculture, Food Security and Rural Development" aIST aNEW DELHIbOxfordc2010 a345 aQuantity Number: 2 aEconomics cBK 00104070aTATCLbTATCLcGENd2023-05-24l0o658.45 HAYp42668r2023-05-24w2023-05-24yBKzHSSM4202 00104070aTATCLbTATCLcGENd2023-05-24l0o658.45 HAYp42669r2023-05-24w2023-05-24yBKzHSSM4202 c49241d49241